Operations Research (Record no. 36)

MARC details
000 -LEADER
fixed length control field 00363nam a22001577a 4500
005 - DATE AND TIME OF LATEST TRANSACTION
control field 20160426151408.0
008 - FIXED-LENGTH DATA ELEMENTS--GENERAL INFORMATION
fixed length control field 160426b xxu||||| |||| 00| 0 eng d
020 ## - INTERNATIONAL STANDARD BOOK NUMBER
ISBN 81-259-1275-4
041 ## - LANGUAGE CODE
Language code of text/sound track or separate title eng
082 ## - DEWEY DECIMAL CLASSIFICATION NUMBER
Item number 00134
100 ## - MAIN ENTRY--AUTHOR NAME
Personal name Kalavathy S
245 ## - TITLE STATEMENT
Title Operations Research
260 ## - PUBLICATION, DISTRIBUTION, ETC. (IMPRINT)
Place of publication New Delhi
Name of publisher Vikash Publishing,
Year of publication 2004
300 ## - PHYSICAL DESCRIPTION
Number of Pages 536
942 ## - ADDED ENTRY ELEMENTS (KOHA)
Koha item type Books
Holdings
Lost status Damaged status Collection code Home library Current library Shelving location Date acquired Cost, normal purchase price Full call number Accession Number Koha item type
    MANAGEMENT JRU Library JRU Library SHELF-76-F 26/04/2016 150.00 00134 00134 Books
    MANAGEMENT JRU Library JRU Library SHELF-76-F 26/04/2016 150.00 00134 00135 Books
    MANAGEMENT JRU Library JRU Library SHELF-76-F 26/04/2016 150.00 00134 00136 Books